Your blood and its pressure / (Record no. 54981)
[ view plain ]
| 000 -LEADER | |
|---|---|
| fixed length control field | 00880cam0a220025300 4500 |
| 001 - CONTROL NUMBER | |
| control field | lce00889792 |
| 005 - DATE AND TIME OF LATEST TRANSACTION | |
| control field | 20190814131132.0 |
| 008 - FIXED-LENGTH DATA ELEMENTS--GENERAL INFORMATION | |
| fixed length control field | 700729s1970 pau 001 0 eng |
| 010 ## - LIBRARY OF CONGRESS CONTROL NUMBER | |
| LC control number | 73104180 //r922 |
| 020 ## - INTERNATIONAL STANDARD BOOK NUMBER | |
| International Standard Book Number | 087596043X |
| 035 ## - SYSTEM CONTROL NUMBER | |
| System control number | (Sirsi) r24020 |
| 035 ## - SYSTEM CONTROL NUMBER | |
| System control number | (DLC) 73104180 //r922 |
| 035 ## - SYSTEM CONTROL NUMBER | |
| System control number | (UPRA)lce00889792 |
| 040 ## - CATALOGING SOURCE | |
| Original cataloging agency | DLC |
| Transcribing agency | DLC |
| Modifying agency | DLC |
| -- | UPRA |
| 050 00 - LIBRARY OF CONGRESS CALL NUMBER | |
| Classification number | RC685.H8 |
| Item number | R6 |
| 082 00 - DEWEY DECIMAL CLASSIFICATION NUMBER | |
| Classification number | 616.1/32 |
| 100 1# - MAIN ENTRY--PERSONAL NAME | |
| Personal name | Rodale, J. I. (Jerome Irving), 1898-1971. |
| Fuller form of name | Rodale, J. I. (Jerome Irving), 1898-1971. |
| Dates associated with a name | Rodale, J. I. (Jerome Irving), 1898-1971. |
| Linkage | A15442.1 |
| 245 10 - TITLE STATEMENT | |
| Title | Your blood and its pressure / |
| Statement of responsibility, etc. | [by] J.I. Rodale and the editors of Prevention. |
| 260 ## - PUBLICATION, DISTRIBUTION, ETC. | |
| Place of publication, distribution, etc. | Emmaus, PA : |
| Name of publisher, distributor, etc. | Rodale Books, |
| Date of publication, distribution, etc. | [1970] |
| 650 #0 - SUBJECT ADDED ENTRY--TOPICAL TERM | |
| Topical term or geographic name entry element | Hypertension. |
| Linkage | S20072.1 |
| 730 0# - ADDED ENTRY--UNIFORM TITLE | |
| Uniform title | Prevention (Emmaus, Pa.) |
| 949 ## - LOCAL PROCESSING INFORMATION (OCLC) | |
| a | RC685.H8 |
| w | LC |
| i | -23530 |
| m | MEDICAL |
| t | BOOK |
| l | ON-SHELF |
No items available.